000 00778cam a2200241 a 4500
001 000018931
005 20200929165902.0
008 920429s1988 pe b 000 0dspa d
040 _aDO-SdBNP
_bspa
_cDLC
_dBNPHU
082 _a928.285
_bD948i
100 1 _aDurand, José.
_940743
245 1 3 _aEl Inca Garcilaso de América /
_cJosé Durand.
260 _aLima, (Perú) :
_bBiblioteca Nacional de Perú,
_c1988.
300 _a87 p. ;
_c21 cm.
490 1 _aPerulibros
500 _aIncluye notas al pie de las páginas
504 _aIncluye referencias bibliográficas
600 1 4 _aVEGA, GARCILASO DE LA,
_d1539-1616.
_98821
650 4 _aPerú
_xHistoria
_ySIGLO XVI-XVII
_940744
830 0 _aPerulibros
_923394
910 _aCatalogación derivada / LC
049 _aBNGR
999 _c18449
_d18449